Esta noche se improvisa

Сохранить в:
Библиографические подробности
Главный автор: Pirandello, Luigi
Формат:
Язык:Undetermined
Опубликовано: Buenos Aires, Argentina Sur 1962
Предметы:
Метки: Добавить метку
Нет меток, Требуется 1-ая метка записи!

MARC

LEADER 00000nam a2200000Ia 4500
008 170316s9999 xx 000 0 und d
999 |c 8201  |d 8201 
040 |a cru BVZT 
090 |a 850 P-7n 
100 |a Pirandello, Luigi 
245 |a Esta noche se improvisa  |c / Luigi Pirandello 
260 |a Buenos Aires, Argentina  |b Sur  |c 1962 
300 |a 157 páginas 
650 |a LITERATURA ITALIANA  |9 212 
942 |c 15 D  |h 850 P-7n  |2 z